Các yếu tố ảnh hưởng đến nhận thức thương hiệu của người dùng thông qua truyền thông tiếp thị trên mạng xã hội TikTok : Luận văn thạc sĩ - Chuyên ngành: Quản trị kinh doanh

Đã lưu trong:
Sonraí Bibleagrafaíochta
Príomhúdar: Nguyễn, Thị Tiến
Formáid: Luận văn
Teanga:Undetermined
Foilsithe: Đại học Công nghiệp TP. Hồ Chí Minh 2022
Ábhair:
Rochtain Ar Líne:https://opac.iuh.edu.vn/TraCuuTaiLieuSo2XemChiTiet.aspx?Id=120122
Clibeanna: Cuir Clib Leis
Gan Chlibeanna, Bí ar an gcéad duine leis an taifead seo a chlibeáil!
Thư viện lưu trữ: Trung tâm Thư viện - Trường Đại học Công nghiệp TP. Hồ Chí Minh
LEADER 00844nam a2200169Ia 4500
001 UIH_02392
008 230809s9999 xx 000 0 und d
082 |a 658.3 
100 |a Nguyễn, Thị Tiến 
245 0 |a Các yếu tố ảnh hưởng đến nhận thức thương hiệu của người dùng thông qua truyền thông tiếp thị trên mạng xã hội TikTok : Luận văn thạc sĩ - Chuyên ngành: Quản trị kinh doanh 
245 0 |c Nguyễn, Thị Tiến 
260 |b Đại học Công nghiệp TP. Hồ Chí Minh 
260 |c 2022 
650 |a Quản trị kinh doanh; 
856 |u https://opac.iuh.edu.vn/TraCuuTaiLieuSo2XemChiTiet.aspx?Id=120122 
927 |a Luận văn 
980 |a Trung tâm Thư viện - Trường Đại học Công nghiệp TP. Hồ Chí Minh